LEADER 03592nam 2200565 450 001 9910480039103321 005 20180613001937.0 010 $a1-4704-1471-6 035 $a(CKB)3710000000124453 035 $a(EBL)3113414 035 $a(SSID)ssj0001115099 035 $a(PQKBManifestationID)11656761 035 $a(PQKBTitleCode)TC0001115099 035 $a(PQKBWorkID)11060112 035 $a(PQKB)10068829 035 $a(MiAaPQ)EBC3113414 035 $a(PPN)197102522 035 $a(EXLCZ)993710000000124453 100 $a20140615h20142014 uy 0 101 0 $aeng 135 $aur|n|---||||| 181 $ctxt 182 $cc 183 $acr 200 10$aRing theory and its applications $eRing Theory Session in honor of T.Y. Lam on his 70th birthday at the 31st Ohio State-Denison Mathematics Conference, May 25-27, 2012, The Ohio State University, Columbus, OH /$fDinh Van Huynh [and four others], editors 210 1$aProvidence, Rhode Island :$cAmerican Mathematical Society,$d2014. 210 4$d©2014 215 $a1 online resource (330 p.) 225 1 $aContemporary Mathematics,$x1098-3627 ;$vVolume 609 300 $aDescription based upon print version of record. 311 $a0-8218-8797-1 320 $aIncludes bibliographical references. 327 $a""Preface""; ""Thoughts on Eggerta???s Conjecture""; ""1. Introduction""; ""2. A first try at proving Eggerta???s conjecture""; ""3. Relations with semigroups""; ""4. Some plausible and some impossible generalizations""; ""5. Some attempts at counterexamples to Eggerta???s Conjecture for semigroups""; ""6. Sketch of the literature""; ""References""; "" -Extensions""; ""1. Introduction""; ""2. -extensions""; ""3. Fundamental Properties of -extensions""; ""4. Passage via -extensions""; ""5. Essential Extensions""; ""Acknowledgements""; ""References"" 327 $a""9. Max-injective rings and QF rings""""10. IP-injective rings, GIN rings and QF rings""; ""11. Relative continuous rings and QF rings""; ""12. A graph of injectivities of rings""; ""Acknowledgments""; ""References""; ""Repeated-Root Cyclic and Negacyclic Codes of Length 6 ^{ }""; ""1. Introduction""; ""2. Constacyclic Codes and Their Duals""; ""3. Self-Dual and Complementary-Dual Constacyclic Codes""; ""4. Cyclic Codes of Length 6 ^{ }""; ""5. Negacyclic Codes of Length 6 ^{ }""; ""6. A Classification Of Constacyclic Codes of Length 6 ^{ }""; ""Acknowledgement""; ""References"" 327 $a""Cyclically Presented Modules, Projective Covers and Factorizations""""1. Introduction""; ""2. Generalities""; ""3. -exactness""; ""4. Projective covers of cyclically presented modules""; ""5. Cokernels of endomorphisms""; ""Acknowledgements""; ""References""; ""Isomorphisms of Some Quantum Spaces""; ""1. Introduction""; ""2. General results""; ""3. Quantum matrix algebras""; ""4. Certain ambiskew polynomial rings""; ""5. Jordan matrix algebra""; ""6. Quantum Weyl algebras""; ""Acknowledgements""; ""References"" 327 $a""References"" 410 0$aContemporary mathematics (American Mathematical Society) ;$vVolume 609. 606 $aRings (Algebra)$vCongresses 608 $aElectronic books. 615 0$aRings (Algebra) 676 $a512/.44 702 $aHuynh$b Dinh Van$f1947- 712 12$aOhio State--Denison Mathematical Conference$f(2012 :$eColumbus, Ohio) 801 0$bMiAaPQ 801 1$bMiAaPQ 801 2$bMiAaPQ 906 $aBOOK 912 $a9910480039103321 996 $aRing theory and its applications$92172968 997 $aUNINA LEADER 01172nam a2200301 i 4500 001 991001839469707536 005 20020507152507.0 008 000211s1992 it ||| | ita 020 $a881403088X 035 $ab11571524-39ule_inst 035 $aLE02726064$9ExL 040 $aDip.to Studi Giuridici$bita 082 0 $a342.4538 084 $aC-III/F 100 1 $aCapuzzo, Ester$0232218 245 10$aDal nesso asburgico alla sovranità italiana :$blegislazione e amministrazione a Trento e a Trieste, 1918-1928 /$cEster Capuzzo 260 $aMilano :$bA. Giuffrè,$c1992 300 $ax, 294 p. ;$c24 cm. 490 0 $aSeminario giuridico della Università di Bologna ;$v144 500 $aSegue: Appendice documentaria 650 4$aStoria - Trieste 740 0 $aLegislazione e amministrazione a Trento e a Trieste, 1918-1928 907 $a.b11571524$b01-03-17$c02-07-02 912 $a991001839469707536 945 $aLE027 C-III/F 10$g1$iLE027-1073$lle027$o-$pE0.00$q-$rl$s- $t0$u0$v0$w0$x0$y.i11776225$z02-07-02 996 $aDal nesso asburgico alla sovranita' italiana$9574690 997 $aUNISALENTO 998 $ale027$b01-01-00$cm$da $e-$fita$git $h0$i1